000 00843nam a2200253Ia 4500
003 OSt
005 20220923225433.0
006 a|||||r|||| 00| 0
007 ta
008 220922b |||||||| |||| 00| 0 hin d
024 _a268,117
037 _cTextual
040 _aARTS
_cARTS
_bhin
041 _2hin
_ahin
082 _aQ14:g, L9
100 _aओंकारानन्द
245 0 _aअथर्ववेद का एक सरल संक्षिप्त अध्ययन
246 _aAtharvaved kā ek saral sankṣpunta adhyayana
260 _aगोरखपुर
_b ओंकार ग्रन्थमाला प्रकाशन
_c1979
300 _a284पृ.
_ccm.
650 _aधर्म
942 _hQ14:g, L9
_cTEXL
_2CC
999 _c378306
_d378306